Vývoj vzájomných vzťahov Indie, Pakistanu a Bangladéša bakalárska práca

Salvato in:
Dettagli Bibliografici
Autore principale: Siteková, Jana
Ente Autore: Fakulta medzinárodných vzťahov EU. Katedra medzinárodných politických vzťahov
Altri autori: Ondriaš, Juraj, 1988-
Natura: Libro
Lingua:slovacco
Pubblicazione: Bratislava 2017
Tags: Aggiungi Tag
Nessun Tag, puoi essere il primo ad aggiungerne!!

MARC

LEADER 00000nbm a2200000 4500
001 0231978
005 20180223122559.9
041 0 |a slo 
044 |a SK 
245 1 0 |a Vývoj vzájomných vzťahov Indie, Pakistanu a Bangladéša  |b bakalárska práca  |c Jana Siteková ; školiteľ: Juraj Ondriaš 
264 1 |a Bratislava  |c 2017 
300 |a 50 s. 
100 1 |a Siteková, Jana 
700 1 |a Ondriaš, Juraj, 1988- 
710 2 |a Fakulta medzinárodných vzťahov EU. Katedra medzinárodných politických vzťahov